00624nam a2200169Ia 4500008004100000020001800041041000800059082001500067100002100082245007300103260003200176300000900208500001600217650003800233999001700271952016600288220803s9999 xx 000 0 und d a0-419-19900-4 aeng a720.47 HAW aHawkes D.924236 aEnvironmental Tradition : Studies In The Architecture Of Environment aLondonbE And FN Sponc1996 a212p aEnvironment aEnvironmental Architecture924237 c15340d15340 001040738Book of M Arch EAaBNCAbBNCAcT1d2014-01-02eFlipkart.comg7475.00o720.47 HAWpBNCA-BK-8663r2022-08-03 00:00:00v7475.00w2013-12-25yRFzB008663